ARRUPE JESUIT UNIVERSITY

CORONAVIRUS -STOP THE SPREAD - CLEAN,DISINFECT,COVER
Normal view MARC view

Entry Personal Name

Number of records used in: 1

001 - CONTROL NUMBER

  • control field: 2380

003 - CONTROL NUMBER IDENTIFIER

  • control field: ARRUPE

005 - DATE AND TIME OF LATEST TRANSACTION

  • control field: 20131009171927.0

008 - FIXED-LENGTH DATA ELEMENTS

  • fixed length control field: 131009|| aca||aabn | a|a d

040 ## - CATALOGING SOURCE

  • Original cataloging agency: ARRUPE
  • Transcribing agency: ARRUPE

100 ## - HEADING--PERSONAL NAME

  • Personal name: Arrupe, Pedro,
  • Dates associated with a name: 1907-1991.
  • Title of a work: Aquí me tienes, Señor.

670 ## - SOURCE DATA FOUND

  • Source citation: Work cat.: (ARRUPE)0: Arrupe, Pedro, 1907-1991. 2376, Chosen by God :, 2010.

 

Arrupe Library. PO Box MP320 Mt Pleasant, Harare, Zimbabwe
263 242 745411|librarian@aju.ac.zw